<?xml version="1.0" encoding="UTF-8"?>
<record
    xmlns:xsi="http://www.w3.org/2001/XMLSchema-instance"
    xsi:schemaLocation="http://www.loc.gov/MARC21/slim http://www.loc.gov/standards/marcxml/schema/MARC21slim.xsd"
    xmlns="http://www.loc.gov/MARC21/slim">

  <leader>01226nam a22002057a 4500</leader>
  <controlfield tag="008">100628s2005    ua|||||r|||| 000 0 ara d</controlfield>
  <datafield tag="082" ind1=" " ind2=" ">
    <subfield code="2">22</subfield>
    <subfield code="a">660.6</subfield>
    <subfield code="b">&#x645; &#x627; &#x631;</subfield>
  </datafield>
  <datafield tag="245" ind1=" " ind2=" ">
    <subfield code="a">&#x62B;&#x648;&#x631;&#x629; &#x641;&#x64A; &#x627;&#x644;&#x62A;&#x643;&#x646;&#x648;&#x644;&#x648;&#x62C;&#x64A;&#x627; &#x627;&#x644;&#x62D;&#x642;&#x64A;&#x642;&#x64A;&#x629; /</subfield>
    <subfield code="c">&#x625;&#x639;&#x62F;&#x627;&#x62F; &#x62C;&#x64A;&#x646; &#x644;. &#x645;&#x627;&#x631;&#x643;&#x633; &#x61B; &#x62A;&#x631;&#x62C;&#x645;&#x629; &#x647;&#x627;&#x634;&#x645; &#x623;&#x62D;&#x645;&#x62F; &#x645;&#x62D;&#x645;&#x62F;&#x61B; &#x645;&#x631;&#x627;&#x62C;&#x639;&#x629; &#x625;&#x628;&#x631;&#x627;&#x647;&#x64A;&#x62F; &#x639;&#x628;&#x62F; &#x627;&#x644;&#x645;&#x642;&#x635;&#x648;&#x62F; &#x625;&#x628;&#x631;&#x627;&#x647;&#x64A;&#x645;</subfield>
  </datafield>
  <datafield tag="260" ind1=" " ind2=" ">
    <subfield code="a">&#x627;&#x644;&#x642;&#x627;&#x647;&#x631;&#x629; :</subfield>
    <subfield code="b">&#x627;&#x644;&#x645;&#x62C;&#x644;&#x633; &#x627;&#x644;&#x623;&#x639;&#x644;&#x649; &#x644;&#x644;&#x62B;&#x642;&#x627;&#x641;&#x629; &#x60C; 2005</subfield>
    <subfield code="c">2005</subfield>
  </datafield>
  <datafield tag="300" ind1=" " ind2=" ">
    <subfield code="a">720 &#x635; :</subfield>
    <subfield code="b">&#x627;&#x64A;&#x636; &#x61B;</subfield>
    <subfield code="c">23 &#x633;&#x645;</subfield>
  </datafield>
  <datafield tag="490" ind1=" " ind2=" ">
    <subfield code="9">94</subfield>
    <subfield code="a"> &#x61B;&#x627;&#x644;&#x645;&#x634;&#x631;&#x648;&#x639; &#x627;&#x644;&#x642;&#x648;&#x645;&#x64A; &#x644;&#x644;&#x62A;&#x631;&#x62C;&#x645;&#x647;</subfield>
    <subfield code="v">299</subfield>
  </datafield>
  <datafield tag="500" ind1=" " ind2=" ">
    <subfield code="a">&#x647;&#x630;&#x647; &#x62A;&#x631;&#x62C;&#x645;&#x629; &#x644;&#x643;&#x62A;&#x627;&#x628;: A revolution in Biotechnology / Edited by jean l. Marx.Cambridge:Cambridge University, 1989</subfield>
  </datafield>
  <datafield tag="541" ind1=" " ind2=" ">
    <subfield code="a">&#x623;&#x644;&#x641; &#x628;&#x627;&#x621; &#x61B;</subfield>
    <subfield code="c">&#x634;&#x631;&#x627;&#x621;&#x61B; </subfield>
  </datafield>
  <datafield tag="650" ind1=" " ind2=" ">
    <subfield code="9">15394</subfield>
    <subfield code="a">&#x627;&#x644;&#x62A;&#x643;&#x646;&#x648;&#x644;&#x648;&#x62C;&#x64A;&#x627; &#x627;&#x644;&#x62D;&#x64A;&#x648;&#x64A;&#x629;</subfield>
  </datafield>
  <datafield tag="700" ind1=" " ind2=" ">
    <subfield code="9">15387</subfield>
    <subfield code="a">&#x645;&#x627;&#x631;&#x643;&#x633;&#x60C; &#x62C;&#x64A;&#x646;</subfield>
    <subfield code="e">&#x625;&#x639;&#x62F;&#x627;&#x62F;</subfield>
  </datafield>
  <datafield tag="700" ind1=" " ind2=" ">
    <subfield code="9">15391</subfield>
    <subfield code="a">&#x645;&#x62D;&#x645;&#x62F;&#x60C; &#x647;&#x627;&#x634;&#x645; &#x623;&#x62D;&#x645;&#x62F;</subfield>
    <subfield code="e">&#x62A;&#x631;&#x62C;&#x645;&#x629;</subfield>
  </datafield>
  <datafield tag="700" ind1=" " ind2=" ">
    <subfield code="9">15392</subfield>
    <subfield code="a">&#x625;&#x628;&#x631;&#x627;&#x647;&#x64A;&#x645;&#x60C; &#x639;&#x628;&#x62F; &#x627;&#x644;&#x645;&#x642;&#x635;&#x648;&#x62F; &#x625;&#x628;&#x631;&#x627;&#x647;&#x64A;&#x645;</subfield>
    <subfield code="e">&#x645;&#x631;&#x627;&#x62C;&#x639;&#x629;</subfield>
  </datafield>
  <datafield tag="942" ind1=" " ind2=" ">
    <subfield code="2">ddc</subfield>
    <subfield code="c">BB</subfield>
  </datafield>
  <datafield tag="999" ind1=" " ind2=" ">
    <subfield code="c">14268</subfield>
    <subfield code="d">14268</subfield>
  </datafield>
  <datafield tag="952" ind1=" " ind2=" ">
    <subfield code="0">0</subfield>
    <subfield code="1">0</subfield>
    <subfield code="2">ddc</subfield>
    <subfield code="4">0</subfield>
    <subfield code="7">0</subfield>
    <subfield code="8">Alef-Baa</subfield>
    <subfield code="a">MAIN</subfield>
    <subfield code="b">MAIN</subfield>
    <subfield code="c">1ST</subfield>
    <subfield code="d">2010-06-28</subfield>
    <subfield code="e">purchase</subfield>
    <subfield code="o">660.6 &#x62B;&#x648;&#x631;</subfield>
    <subfield code="p">000021227</subfield>
    <subfield code="r">2025-07-15 00:00:00</subfield>
    <subfield code="y">BB</subfield>
  </datafield>
</record>
